Determinants of credit flow from the Nigerian banking system an empirical analysis

Saved in:
Bibliographic Details
Main Author: ADEOYE, Tunde
Format: Book
Language:English
Published: Nigerian Institute of Social and Economic Research 2003
Tags: Add Tag
No Tags, Be the first to tag this record!

MARC

LEADER 00000nam a22000007a 4500
008 210122b ||||| |||| 00| 0 eng d
020 |a 978-181-323-7 
100 |a ADEOYE, Tunde 
245 |a Determinants of credit flow from the Nigerian banking system  |b an empirical analysis  |c Tunde Adeoye  |f NISER Monograph series, 6  |g 64p. 
260 |b Nigerian Institute of Social and Economic Research  |c 2003  |h Ibadan  |i 643005   |l HG3754.5 .N6Ad3  |m Credit - Nigeria.  |m Banks and banking - Nigeria 
942 |a lcc  |c BK  |e Ogunmilade F.T.  |f 22/1/2021 
952 |0 0  |1 0  |2 lcc  |4 0  |6 HG37545 N6 A D3  |7 0  |9 1494  |a HOL  |b HOL  |c GJ  |d 2021-01-22  |l 0  |o HG3754.5 .N6Ad3  |p 2021-0291  |r 2021-01-22 00:00:00  |w 2021-01-22  |y BK 
999 |c 782  |d 782